Ježiš narodenie spasiteľa, smrť kráľa, vzkriesenie Boha : grafický príbeh

Bibliographic Details
Main Author: Alex, Ben (Author)
Other Authors: Montero, José Pérez, 1941- (Conceptor, Illustrator), Krasnocvetov, Pavol (Translator)
Format: Book
Language:Slovak
English
PhysicalDescription:136 strán farebné ilustrácie 28 cm
Published: Banská Bystrica Slovenská biblická spoločnosť 2023
ISBN:9788089846924
Subjects:

MARC

LEADER 00000nam a2200000 4500
001 vtls012254570
003 SK-MaSNL
005 20260331212540.0
008 240415s2023 xo a g 6 010 1bslo
015 |a SNBA2024/05 
020 |a 9788089846924  |q (brožované) 
040 |a SNK  |b slo  |c SNK  |e rda 
041 1 |a slo  |h eng 
044 |a xo  |c SK 
072 7 |a 27  |x Kresťanstvo. Kresťanská cirkev všeobecne. Ekleziológia  |2 konspekt 
072 7 |a 929  |x Biografie  |2 konspekt 
080 |a 27-312.3  |2 2011 
080 |a 27-312  |2 2011 
080 |a 27-312.8  |2 2011 
080 |a 27-312.9  |2 2011 
080 |a 27-236.5  |2 2011 
080 |a 929  |2 2011 
080 |a (092)741.52  |2 2011 
080 |a 741.52(0:82-322.2)  |2 2011 
100 1 |a Montero, José Pérez,  |d 1941-  |4 ccp  |4 ill  |9 708205 
240 1 4 |a The life of Jesus  |l Slovensky 
245 1 0 |a Ježiš  |b narodenie spasiteľa, smrť kráľa, vzkriesenie Boha : grafický príbeh  |c koncept a ilustrácie: José Pérez Montero ; text: Ben Alex ; preklad a grafická úprava: Pavol Krasnocvetov 
264 1 |a Banská Bystrica  |b Slovenská biblická spoločnosť  |c 2023 
300 |a 136 strán  |b farebné ilustrácie  |c 28 cm 
336 |a text  |b txt  |2 rdacontent 
336 |a statický obraz  |b sti  |2 rdacontent 
337 |a bez média  |b n  |2 rdamedia 
338 |a zväzok  |b nc  |2 rdacarrier 
500 |a Preložené pravdepodobne z angličtiny 
600 0 7 |a Ježiš Kristus  |2 SNKMA 
630 0 7 |a Biblia  |p Evanjeliá  |2 SNKPH  |9 162776 
648 7 |a 1. storočie  |2 SNKPH  |9 290481 
648 7 |a 1st century  |2 SNK  |9 326885 
650 0 7 |a narodenie Ježiša Krista  |2 SNKPH  |9 4111 
650 0 7 |a život Krista  |2 SNKPH  |9 49879 
650 0 7 |a ukrižovanie Ježiša Krista  |2 SNKPH  |9 75606 
650 0 7 |a biblické udalosti  |2 SNKPH  |9 4157 
650 0 7 |a biblické postavy  |2 SNKPH  |9 4145 
650 0 7 |a zmŕtvychvstanie Ježiša Krista  |2 SNKPH  |9 75916 
650 0 7 |a biblické príbehy  |2 SNKPH  |9 1916 
650 0 7 |a birth of Jesus Christ  |2 SNKPHeng  |9 327314 
650 0 7 |a Life of Christ  |2 SNKPHeng  |9 304954 
650 0 7 |a Crucifixion of Jesus Christ  |2 SNKPHeng  |9 325082 
650 0 7 |a Resurrection of Jesus Christ  |2 SNKPHeng  |9 277015 
650 0 7 |a Bible persons  |2 SNKPHeng  |9 276269 
650 0 7 |a Biblical events  |2 SNKPHeng  |9 294650 
650 0 7 |a Bible stories  |2 SNKPHeng  |9 276268 
655 7 |a biografické komiksy  |2 SNKPH  |9 362314 
655 7 |a náboženské komiksy  |2 SNKPH  |9 370388 
655 7 |a Biographical comics  |2 SNKPHeng  |9 362315 
655 7 |a Religious comics  |2 SNKPHeng  |9 370389 
700 1 |a Alex, Ben  |4 aut  |9 754452 
700 1 |a Krasnocvetov, Pavol  |4 trl  |4 bkd  |9 373627 
852 |a Slovenská národná knižnica 
919 |a 978-80-89846-92-4 
954 |a ilustrované knihy, leporelá, komiksy cudzojazyčné (svetové)  |2 lita 
958 |a NT 
968 |b ENG 
999 |c 1189378  |d 1191308 
952 |a SNK  |b SNK  |y PREZ  |7 0  |p 17A1543322  |o snkOSB 21339  |i snk2024/5885  |8 0  |0 0  |1 0  |4 0  |d 2024-04-15  |l 0  |r 2026-02-24 22:07:12  |w 2026-02-24 
952 |a SNK  |b SNK  |y VYP  |7 0  |p 17A1543323  |o snkOSB 21339 D1  |i snk2024/5886  |8 0  |0 0  |1 0  |4 0  |d 2024-04-15  |l 0  |r 2026-02-24 22:07:12  |w 2026-02-24